Banking law / (Record no. 19676)
[ view plain ]
| 000 -LEADER | |
|---|---|
| fixed length control field | 01715cam a22002895a 4500 |
| 001 - CONTROL NUMBER | |
| control field | 18043641 |
| 005 - DATE AND TIME OF LATEST TRANSACTION | |
| control field | 20151102102148.0 |
| 008 - FIXED-LENGTH DATA ELEMENTS--GENERAL INFORMATION | |
| fixed length control field | 140224s2014 enka b 001 0 eng |
| 020 ## - INTERNATIONAL STANDARD BOOK NUMBER | |
| International Standard Book Number | 9781408297841 (pbk.) |
| 020 ## - INTERNATIONAL STANDARD BOOK NUMBER | |
| International Standard Book Number | 9781408297865 (PDF) |
| 020 ## - INTERNATIONAL STANDARD BOOK NUMBER | |
| International Standard Book Number | 9781292014982 (etext) |
| 040 ## - CATALOGING SOURCE | |
| Original cataloging agency | DLC |
| Language of cataloging | eng |
| Transcribing agency | DLC |
| Modifying agency | EG-ScBUE |
| 043 ## - GEOGRAPHIC AREA CODE | |
| Geographic area code | e-uk-en |
| 082 04 - DEWEY DECIMAL CLASSIFICATION NUMBER | |
| Classification number | 346.41082 |
| Edition number | 22 |
| Item number | ARU |
| 100 1# - MAIN ENTRY--PERSONAL NAME | |
| Personal name | Arora, Anu. |
| 9 (RLIN) | 38624 |
| 245 10 - TITLE STATEMENT | |
| Title | Banking law / |
| Statement of responsibility, etc | Anu Arora. |
| 260 ## - PUBLICATION, DISTRIBUTION, ETC. (IMPRINT) | |
| Place of publication, distribution, etc | Harlow : |
| Name of publisher, distributor, etc | Pearson Education Limited, |
| Date of publication, distribution, etc | 2014. |
| 300 ## - PHYSICAL DESCRIPTION | |
| Extent | xciii, 670 p. ; |
| Dimensions | 24 cm. |
| 500 ## - GENERAL NOTE | |
| General note | Index : p. 656-670. |
| 504 ## - BIBLIOGRAPHY, ETC. NOTE | |
| Bibliography, etc | Includes bibliographical references. |
| 505 0# - FORMATTED CONTENTS NOTE | |
| Formatted contents note | What is money? -- The role of the City of London as a financial centre and the international financial institutions -- The corporate governance failings in financial institutions and directors legal liability -- The UK response to the credit crisis -- Bank regulation and supervision -- The banker and customer relationship and the unfair terms in banking contracts -- Duties arising under the banker and customer relationship -- The bank as the fiduciary -- The nature of the overdrawn account and the bank's self-help remedies -- Bills of exchange -- Cheques as negotiable instruments -- Third party rights : wrongful dealings and liability -- Money laundering -- Nature and type of electronic funds transfers systems -- Plastic money -- Overdrafts and bank loans -- Recovery of money paid by mistake -- Securities for bank borrowing. |
| 650 #0 - SUBJECT ADDED ENTRY--TOPICAL TERM | |
| Topical term or geographic name as entry element | Banking law |
| Geographic subdivision | England. |
| Source of heading or term | BUEsh |
| 650 #0 - SUBJECT ADDED ENTRY--TOPICAL TERM | |
| Topical term or geographic name as entry element | Banks and banking, International |
| General subdivision | Law and legislation. |
| Source of heading or term | BUEsh |
| 9 (RLIN) | 32822 |
| 651 ## - SUBJECT ADDED ENTRY--GEOGRAPHIC NAME | |
| Source of heading or term | BUEsh |
| 653 ## - INDEX TERM--UNCONTROLLED | |
| Resource For college | BAEPS, Economics |
| -- | BAEPS, Business Administration |
| Arrived date list | June2015 |
| -- | November2015 |
| 942 ## - ADDED ENTRY ELEMENTS (KOHA) | |
| Source of classification or shelving scheme | Dewey Decimal Classification |
| Withdrawn status | Lost status | Source of classification or shelving scheme | Damaged status | Not for loan | Koha collection | Home library | Current library | Shelving location | Date acquired | Source of acquisition | Cost, normal purchase price | Serial Enumeration / chronology | Total Checkouts | Full call number | Barcode | Date last seen | Date last borrowed | Cost, replacement price | Koha item type |
|---|---|---|---|---|---|---|---|---|---|---|---|---|---|---|---|---|---|---|---|
| Dewey Decimal Classification | Alahram | Central Library | Central Library | First floor | 15/06/2015 | Purchase | 295.00 | 316 | 1 | 346.41082 ARU | 000038597 | 15/07/2025 | 02/08/2016 | 368.75 | Book - Borrowing |